000 00565nam a2200193Ia 4500
005 20250508162724.0
008 008 250505s9999 xx 000 0 eng d
037 _aTextual
040 _aFEDL
_beng
_cFEDL
041 _aeng
_2eng
084 _a500, JAG
_qFEDL
100 _aJagjit Singh
245 0 _aScience snippets: A science writer's miscellany
245 0 _cIndia, Government of
260 _aNew Delhi, India
_bMinistry of Information and Broadcasting
_c1986
300 _a124p.
942 _cTEXL
_h500, JAG
999 _c1378303
_d1378303